Statistics for Countries of Monosyllabic Capital Cities

Click here to take the quiz!

General Stats

  • This quiz has been taken 45 times
  • The average score is 3 of 5

Answer Stats

Answer% Correct
Italy
85%
Switzerland
78%
Belarus
61%
Czech Republic
61%
South Korea
54%

Score Distribution

Percentile by Number Answered

Percent of People with Each Score

Your Score History

You have not taken this quiz